The refurbishment of small-scale retail premises in relation to the disability discrimination act 1995 (Record no. 81758)

MARC details
000 -LEADER
fixed length control field 00607cab a22001935a 4500
001 - CONTROL NUMBER
control field L148228
008 - FIXED-LENGTH DATA ELEMENTS--GENERAL INFORMATION
fixed length control field 090820e2009 xxk 000 0 eng d
035 ## - SYSTEM CONTROL NUMBER
System control number (Sirsi) u148228
041 0# - LANGUAGE CODE
Language code of text/sound track or separate title eng
100 1# - MAIN ENTRY--PERSONAL NAME
Personal name Dever, Elizabeth
245 04 - TITLE STATEMENT
Title The refurbishment of small-scale retail premises in relation to the disability discrimination act 1995
260 ## - PUBLICATION, DISTRIBUTION, ETC.
Date of publication, distribution, etc. 2009
650 24 - SUBJECT ADDED ENTRY--TOPICAL TERM
Topical term or geographic name entry element DISABILITY DISCRIMINATION ACT 1995
650 24 - SUBJECT ADDED ENTRY--TOPICAL TERM
Topical term or geographic name entry element CHRONICALLY SICK AND DISABLED PERSONS ACT 1970
650 24 - SUBJECT ADDED ENTRY--TOPICAL TERM
Topical term or geographic name entry element DISABILITY RIGHTS COMMISSION ACT 1999
700 1# - ADDED ENTRY--PERSONAL NAME
Personal name Sertysesilisik, Begum
700 1# - ADDED ENTRY--PERSONAL NAME
Personal name Rostron, Jack
942 ## - ADDED ENTRY ELEMENTS (KOHA)
Suppress in OPAC 0

No items available.